000 00228nam a2200097Ia 4500
008 170619s9999 xx 000 0 und d
100 _aDoeblin- Ernest O.
245 0 _aMeasurement Systems
260 _bNew delhi; T M H
260 _c2004
546 _aENGLISH
999 _c17606
_d17606